| 000 | 00425nam a22001697a 4500 | ||
|---|---|---|---|
| 005 | 20160628101547.0 | ||
| 008 | 160521b xxu||||| |||| 00| 0 eng d | ||
| 020 | _a81-203-7243-0 | ||
| 041 | _aeng | ||
| 082 | _b3674 | ||
| 100 |
_aE.Paul de Dyano J.T. Benk _9923 |
||
| 245 | _aMaterials and Processes In Manufacturing | ||
| 260 |
_aNew Delhi _bPHI, |
||
| 300 | _a1226 | ||
| 650 |
_aDIPLOMA ENGINEERING _9817 |
||
| 942 | _cBK | ||
| 999 |
_c1262 _d1262 |
||